=LDR 00000nam 2200000 4500 =001 INLIS000000000007113 =005 20211124071500 =035 ##$$a 0010-061300000007113 =008 211124################g##########0#ind## =041 ##$$a Ind =082 ##$$a 332.1 =090 ##$$a 332.1, Has d =100 1#$$a Malayu S.P, Hasibuan, =245 1#$$a Dasar-dasar perbankan /$c Drs. H. Malayu S.P. Hasibuan =260 ##$$a Jakarta :$b Bumi Aksara,$c 2007 =300 ##$$a x, 189 hlm ; $c 23 x 15 cm =650 #4$$a Bank dan Perbankan =850 ##$$a NBPNMAT =020 ##$$a 979-526-765-5 =084 ##$$a 332.1 Mal d =250 ##$$a cet.1 =990 ##$$a 169.769/Pb-2002 =990 ##$$a 169.770/Pb-2002 =990 ##$$a 169.771/Pb-2002 =990 ##$$a 169.772/Pb-2002 =990 ##$$a 20404793 =990 ##$$a 21004152 =990 ##$$a 20610334 =990 ##$$a 21004151 =990 ##$$a 20703529 =990 ##$$a 51500641 =990 ##$$a 51800115 =990 ##$$a 31993199